000
00300nam a2200133Ia 4500
003
OSt
005
20240315125311.0
008
170523s9999 xx 000 0 und d
020
_a
978-0074631669
040
_c
IIMTU
100
_a
Hurlock-Elizabeth B
245
0
_a
Child Development
942
_2
ddc
_c
02
999
_c
11484
_d
11484